Normal view
MARC view
Entry Topical Term
001 - CONTROL NUMBER
- control field: 22097
003 - CONTROL NUMBER IDENTIFIER
- control field: OSt
005 - DATE AND TIME OF LATEST TRANSACTION
- control field: 20230315150644.0
008 - FIXED-LENGTH DATA ELEMENTS
- fixed length control field: 230315|| aca||aabn | a|a d
040 ## - CATALOGING SOURCE
- Original cataloging agency: OSt
- Transcribing agency: OSt
150 ## - HEADING--TOPICAL TERM
- Topical term or geographic name entry element: Vipassana-meditation
670 ## - SOURCE DATA FOUND
- Source citation: Work cat.: (OSt)0: Knaster, Mirka. 22095, Living this life fully :, 2010.